Políticas educativas para el desarrollo: diversidad y desafíos /

Збережено в:
Бібліографічні деталі
Автор: Bonilla, Víctor H.
Формат: Текст
Предмети:
Теги: Додати тег
Немає тегів, Будьте першим, хто поставить тег для цього запису!

MARC

LEADER 00000 a a2200000 04500
001 16842
003
040
100 |a Bonilla, Víctor H.  
245 |a Políticas educativas para el desarrollo:   |b diversidad y desafíos /  |c Víctor H. Bonilla 
650 |a POLITICA EDUCATIVA  
650 |a CALIDAD DE LA EDUCACION  
650 |a ACCESO A LA EDUCACION  
650 |a DESARROLLO ECONOMICO Y SOCIAL  
650 |a POLITICA EDUCATIVA  
773 |g volumen 12, número 3; páginas 13-35  
999 |c 30218  |d 30218